Estatísticas para Cultura Geral

Clique aqui para jogar o quiz

Estatísticas Gerais

  • Esse quiz foi jogado 24 vezes
  • A pontuação média é 7 de 15

Estatísticas das Respostas

HintResposta% Correto
Que país fica entre o México e o Canadá?Estados Unidos
100%
Que país da América do Sul começa com a letra E?Equador
95%
Que país da América Central começa com a letra E?El Salvador
90%
Qual é o país de origem da Caipirosca?Brasil
86%
Que pequeno país asiático liderado por um sultão começa com a letra B?Brunei
62%
Qual é o país de origem da cerveja Hoegaarden?Bélgica
43%
Qual é o país de origem da cerveja Quilmes?Argentina
38%
Em que país teve origem a Ginja?Portugal
38%
Em que país teve origem a bebida Moretta?Itália
33%
Que rio fica na fronteira leste de Israel?Jordão
33%
Que sopa fria de tomate é típica da Espanha?Gaspacho
29%
Qual é o país de origem da cerveja Cuca BGI?Angola
24%
A que cantora pertence o álbum "Folklore"?Taylor Swift
24%
Quem canta a música "Friday I'm In Love"?The Cure
14%
Quem canta a música "Stay with Me"?Sam Smith
10%

Distribuição das Pontuações

Percentil de Números Respondidos

Porcentagem de Pessoas com Cada Pontuação

Sua Pontuação Histórica

Você não jogou esse quiz